Normal view
MARC view
- صليبون -تاريخ /عالم عربي - تاريخ
Entry Topical Term
001 - CONTROL NUMBER
- control field: 36338
003 - CONTROL NUMBER IDENTIFIER
- control field: JO-AjAnu
005 - DATE AND TIME OF LATEST TRANSACTION
- control field: 20230606080053.0
008 - FIXED-LENGTH DATA ELEMENTS
- fixed length control field: 230606|| aca||aabn | a|a d
040 ## - CATALOGING SOURCE
- Original cataloging agency: JO-AjAnu
- Transcribing agency: JO-AjAnu
150 ## - HEADING--TOPICAL TERM
- Topical term or geographic name entry element: صليبون -تاريخ /عالم عربي - تاريخ
670 ## - SOURCE DATA FOUND
- Source citation: Work cat.: (JO-AjAnu)18655: تاليف يوسف، جوزيف نسيم, author 36337, الوحدة وحركات اليقظة العربية أبان العدوان الصليبي